00562nam a2200157 a 450000100100000000500170001000800410002702000180006804000250008610000360011124500570014726000470020430000310025195201050028299900170038700004333720201002040827.0140310s2009 sp c 000 0 spa d a9788461362431 aDO-SdBNPbspacBNPHU1 aPolo García, Victorino94043610aCinco libros en mi vida. /cVictorino Polo García. aEspaña, :bUniversidad de Murcia,c2009. a493 p. :bretrs. ;c25 cm. 001050718MOaGRbGRcCTd2014-03-10iLF1l0o p43337-10r2020-06-25w2020-06-25y1ZNo se presta c42826d42826